000 00547nam a22002057a 4500
003 OSt
005 20190611143834.0
008 130128t xxu||||| |||| 00| 0 eng d
020 _a9710862200
050 _aLC 268
_b.B329 2002
100 _aBauzon, Prisciliano T.
245 _aEssentials of values education /
_cBauzon, Priciliano T.
250 _a2nd ed.
260 _aMandaluyong City :
_bNational Book Store,
_c2002.
300 _a169 p.:
_bill.;
_c23 cm.
562 _e2
942 _2lcc
_cBK
_kLOC
999 _c17265
_d17265